La tumba de Lope García de Salazar en San Martín de Muñatones / (Record no. 82373)
[ view plain ]
| 000 -LEADER | |
|---|---|
| campo de control de longitud fija | 00680nam a2200193 i 4500 |
| 001 - NÚMERO DE CONTROL | |
| campo de control | 82373 |
| 003 - IDENTIFICADOR DE NÚMERO DE CONTROL | |
| campo de control | ES-MaACL |
| 005 - FECHA Y HORA DE LA ÚLTIMA TRANSACCIÓN | |
| campo de control | 20250810001135.0 |
| 007 - CAMPO FIJO DE DESCRIPCIÓN FÍSICA--INFORMACIÓN GENERAL | |
| campo de control de longitud fija | t| |
| 008 - DATOS DE LONGITUD FIJA--INFORMACIÓN GENERAL | |
| campo de control de longitud fija | 041110s1956 sp ||||1| spa d |
| 100 1# - ENTRADA PRINCIPAL--NOMBRE DE PERSONA | |
| Nombre de persona | Ybarra y Bergé, Javier de. |
| 9 (RLIN) | 64964 |
| 245 13 - MENCIÓN DEL TÍTULO | |
| Título | La tumba de Lope García de Salazar en San Martín de Muñatones / |
| Mención de responsabilidad, etc. | Javier de Ibarra y Bergé, E. Calle Iturrino. |
| 260 ## - PUBLICACIÓN, DISTRIBUCIÓN, ETC. | |
| Lugar de publicación, distribución, etc. | [Bilbao] : |
| Nombre del editor, distribuidor, etc. | Junta de Cultura de Vizcaya, |
| Fecha de publicación, distribución, etc. | [1956] ( |
| Fabricante | Nore) |
| 300 ## - DESCRIPCIÓN FÍSICA | |
| Extensión | 60 p., 2 lám. ; |
| Dimensiones | 22 cm. |
| 600 17 - PUNTO DE ACCESO ADICIONAL DE MATERIA--NOMBRE DE PERSONA | |
| Nombre de persona | García de Salazar, Lope, |
| Fechas asociadas al nombre | 1399-1476 |
| Fuente del encabezamiento o término | |
| 9 (RLIN) | 168564 |
| 700 1# - ENTRADA AGREGADA--NOMBRE PERSONAL | |
| Nombre de persona | Calle Iturrino, Esteban. |
| 9 (RLIN) | 33706 |
| 852 ## - LOCALIZACIÓN | |
| Ubicación | ES-MaACL |
| Número de control de estantería | 1950-F-31 |
| Sublocalización o colección | R.40041 |
| Estatus retirado | Estado de pérdida | Estado de daño | No para préstamo | Colección | Biblioteca de origen | Biblioteca actual | Ubicación en estantería | Fecha de adquisición | Fuente de adquisición | Total de préstamos | Signatura topográfica completa | Código de barras | Visto por última vez | Precio de reemplazo | Tipo de ítem Koha |
|---|---|---|---|---|---|---|---|---|---|---|---|---|---|---|---|
| Colección de folletos | Biblioteca del Ateneo de Madrid | Biblioteca del Ateneo de Madrid | Depósito folletos | 17/01/2008 | 1950-F-31 | 1086089 | 23/02/2023 | 23/02/2023 | Folleto |
